[Event "2017 Edmonton International"]
[Site "?"]
[Date "2017.06.20"]
[Round "1"]
[White "Banerjee, Bitan"]
[Black "Gardner, Rob"]
[Result "1/2-1/2"]
[WhiteElo "2456"]
[BlackElo "2271"]
[PlyCount "91"]
[EventDate "2017.??.??"]
[SourceDate "2017.09.01"]

1. d4 Nf6 2. c4 e6 3. Nc3 Bb4 4. e3 O-O 5. Nge2 Re8 6. a3 Bf8 7. Ng3 d5 8. Be2
c5 9. dxc5 Bxc5 10. b4 Bd6 11. Bb2 dxc4 12. Nce4 Nxe4 13. Nxe4 Be7 14. Bxc4
Qxd1+ 15. Rxd1 a5 16. b5 Nd7 17. a4 Nb6 18. Bb3 Bb4+ 19. Ke2 e5 20. Ng5 Bg4+
21. f3 Bh5 22. h4 h6 23. g4 hxg5 24. gxh5 gxh4 25. h6 gxh6 26. Rxh4 Rad8 27.
Bxe5 Rxd1 28. Rg4+ Kf8 29. Bg7+ Ke7 30. Kxd1 Rd8+ 31. Kc1 Rd3 32. Re4+ Kd7 33.
Rd4+ Rxd4 34. Bxd4 Kc7 35. Kd1 f5 36. f4 Nd7 37. Bc2 Bc5 38. Bxf5 Bxd4 39. exd4
Nb6 40. Bc2 Nd5 41. f5 Kd6 42. Ke2 Ke7 43. Bb3 Nc7 44. Kf3 Kf6 45. Kf4 b6 46.
d5 1/2-1/2

[Event "2017 Edmonton International"]
[Site "?"]
[Date "2017.06.24"]
[Round "7"]
[White "Shabalov, Alex"]
[Black "Gardner, Rob"]
[Result "1-0"]
[WhiteElo "2587"]
[BlackElo "2271"]
[PlyCount "73"]
[EventDate "2017.??.??"]
[SourceDate "2017.09.01"]

1. e4 d6 2. d4 Nf6 3. Nc3 g6 4. f4 Bg7 5. Bd3 Nc6 6. Nf3 Bg4 7. Be3 e5 8. dxe5
dxe5 9. Qd2 Bxf3 10. gxf3 Nd4 11. O-O-O O-O 12. fxe5 Nxf3 13. exf6 Nxd2 14.
fxg7 Kxg7 15. Rxd2 c6 16. h4 h6 17. h5 g5 18. Ne2 Qa5 19. a3 c5 20. Ng3 Rac8
21. Nf5+ Kh8 22. Nd6 Rc6 23. Bc4 f6 24. Rhd1 Rc7 25. Rd5 a6 26. Bb3 Qb6 27. e5
fxe5 28. Rxe5 Rc6 29. Re6 Qc7 30. Bc4 b5 31. Rxh6+ Kg7 32. Rg6+ Kh8 33. Nf7+
Kh7 34. Nxg5+ Kh8 35. Be6 Qe5 36. Rh6+ Kg7 37. Rd7+ 1-0

[Event "2017 Edmonton International Qualifier"]
[Site "?"]
[Date "2017.04.29"]
[Round "3"]
[White "Frialde, Arniel"]
[Black "Gardner, Robert"]
[Result "1/2-1/2"]
[WhiteElo "2159"]
[BlackElo "2259"]
[PlyCount "90"]
[EventDate "2017.??.??"]
[SourceDate "2017.09.01"]

1. d4 f5 2. c4 Nf6 3. g3 g6 4. Bg2 Bg7 5. Nc3 O-O 6. Nf3 d6 7. O-O Nc6 8. d5
Ne5 9. Nxe5 dxe5 10. e4 f4 11. gxf4 exf4 12. Bxf4 Nxe4 13. Nxe4 Rxf4 14. Qd2
Qf8 15. Rae1 Rh4 16. f4 Bh3 17. Bxh3 Rxh3 18. Ng5 Rh4 19. Ne6 Qf6 20. Qf2 Bh6
21. Kh1 c6 22. b3 Rh5 23. dxc6 bxc6 24. Qg2 Rc8 25. Re2 Rf5 26. Qe4 Kh8 27. Rd2
g5 28. Rfd1 Rg8 29. Rd8 gxf4 30. Rxg8+ Kxg8 31. Rg1+ Kf7 32. Nd4 Rg5 33. Qxh7+
Ke8 34. Re1 Bf8 35. Qe4 Rg6 36. Ne6 f3 37. Nxf8 Kxf8 38. Rf1 f2 39. Qe2 Rg1+
40. Rxg1 fxg1=Q+ 41. Kxg1 Ke8 42. h3 Qa1+ 43. Kh2 Qf6 44. Kg3 Qd6+ 45. Kg4 Qg6+
1/2-1/2

[Event "2017 Edmonton International Qualifier"]
[Site "?"]
[Date "2017.04.29"]
[Round "1"]
[White "Koperski, Dustin"]
[Black "Gardner, Robert"]
[Result "0-1"]
[WhiteElo "1760"]
[BlackElo "2246"]
[PlyCount "52"]
[EventDate "2017.??.??"]
[SourceDate "2017.09.01"]

1. e4 g6 2. d4 Bg7 3. Nc3 c6 4. Be3 d6 5. Be2 Nd7 6. g4 e5 7. dxe5 dxe5 8. Qd2
Nb6 9. Qxd8+ Kxd8 10. O-O-O+ Kc7 11. f4 Nf6 12. f5 Ne8 13. Nf3 Nd6 14. Bf2 Nbc4
15. Nd2 Bh6 16. Ncb1 Nxd2 17. Nxd2 Nxe4 18. Be1 gxf5 19. gxf5 Bxf5 20. Rf1 Be6
21. Bf3 Nxd2 22. Bxd2 Bxd2+ 23. Rxd2 Rad8 24. Rxd8 Rxd8 25. Be4 Rh8 26. Bf5 Kd6
0-1

[Event "2017 Edmonton International Qualifier"]
[Site "?"]
[Date "2017.04.30"]
[Round "5"]
[White "Ng, Gary"]
[Black "Gardner, Robert"]
[Result "0-1"]
[WhiteElo "2335"]
[BlackElo "2259"]
[PlyCount "84"]
[EventDate "2017.??.??"]
[SourceDate "2017.09.01"]

1. Nf3 g6 2. g3 Bg7 3. c4 f5 4. Bg2 e5 5. d3 Nc6 6. Nc3 Nf6 7. Rb1 O-O 8. O-O
d6 9. b4 h6 10. b5 Ne7 11. c5 g5 12. cxd6 cxd6 13. Qb3+ Kh8 14. e4 f4 15. d4
Ng6 16. dxe5 dxe5 17. Ba3 Rg8 18. Rfd1 Qe8 19. Bf1 Bg4 20. Be2 Rc8 21. Rbc1 Be6
22. Qa4 Qf7 23. Bd6 Ne8 24. Bb4 b6 25. Qa3 Bf8 26. Rd2 Nf6 27. Qb2 Nxe4 28.
Bxf8 Nxd2 29. Bxh6 Nxf3+ 30. Bxf3 fxg3 31. Qe2 Qf4 32. Qe3 gxf2+ 33. Kxf2 Qxh2+
34. Bg2 Qxh6 35. Rh1 Nh4 36. Qxe5+ Qg7 37. Rxh4+ gxh4 38. Qh5+ Qh7 39. Qe5+ Rg7
40. Qxe6 Rf8+ 41. Bf3 Rgf7 42. Qe5+ Qg7 0-1

[Event "2017 Edmonton International Qualifier"]
[Site "?"]
[Date "2017.04.30"]
[Round "5"]
[White "Wang, Kaixin"]
[Black "Guevarra, Alvin"]
[Result "1/2-1/2"]
[WhiteElo "1971"]
[BlackElo "1917"]
[PlyCount "55"]
[EventDate "2017.??.??"]
[SourceDate "2017.09.01"]

1. e4 d6 2. d4 Nf6 3. Bd3 g6 4. Nf3 Bg7 5. O-O O-O 6. Bf4 Bg4 7. h3 Bxf3 8.
Qxf3 Nc6 9. c3 e5 10. dxe5 Nxe5 11. Bxe5 dxe5 12. Rd1 Qe7 13. Na3 Rad8 14. Qe3
a6 15. Be2 Rxd1+ 16. Rxd1 Rd8 17. Rd3 Ne8 18. Nc4 b5 19. Na5 Rxd3 20. Bxd3 Qd7
21. Nb3 Bh6 22. Qe2 Qd6 23. c4 c6 24. cxb5 cxb5 25. Qc2 Nc7 26. Be2 Bf8 27. Bg4
Ne6 28. Qd2 1/2-1/2

[Event "2017 Edmonton International Qualifier"]
[Site "?"]
[Date "2017.04.29"]
[Round "2"]
[White "Gardner, Robert"]
[Black "Guevarra, Alvin"]
[Result "1-0"]
[WhiteElo "2259"]
[BlackElo "1917"]
[PlyCount "45"]
[EventDate "2017.??.??"]
[SourceDate "2017.09.01"]

1. Nf3 d5 2. c4 e6 3. g3 Nf6 4. Bg2 Be7 5. O-O O-O 6. b3 c5 7. e3 Nc6 8. Bb2 b6
9. Nc3 Bb7 10. cxd5 Nxd5 11. Nxd5 exd5 12. d4 Bf6 13. Rc1 Re8 14. Qd2 Ba6 15.
Rfd1 c4 16. bxc4 Bxc4 17. Ne5 Na5 18. Bc3 Bb5 19. Bxa5 bxa5 20. Rc5 Rb8 21.
Rxd5 Qb6 22. Rb1 Qa6 23. Qb2 1-0

[Event "2017 Edmonton International"]
[Site "?"]
[Date "2017.06.22"]
[Round "4"]
[White "Matras-Clement, Agnieszka"]
[Black "Haessel, Dale"]
[Result "1/2-1/2"]
[WhiteElo "2305"]
[BlackElo "2316"]
[PlyCount "73"]
[EventDate "2017.??.??"]
[SourceDate "2017.09.01"]

1. e4 e5 2. Bc4 Nf6 3. d3 c6 4. Nf3 d5 5. Bb3 Bd6 6. exd5 Nxd5 7. O-O O-O 8.
Re1 Re8 9. Nbd2 Bc7 10. Ne4 Nd7 11. Bg5 N7f6 12. h3 Bf5 13. Nh4 Be6 14. c4 Nf4
15. Nxf6+ gxf6 16. Bxf4 exf4 17. d4 Qd6 18. d5 cxd5 19. cxd5 Bd7 20. Qh5 Re5
21. Qh6 Rae8 22. Rxe5 fxe5 23. Qg5+ Kh8 24. Bc2 Rg8 25. Qh5 Rg7 26. Nf5 Bxf5
27. Qxf5 Qxd5 28. Be4 Qd2 29. Qc8+ Bd8 30. Bf3 Rg8 31. Qxb7 Bb6 32. Qxf7 Qxf2+
33. Kh1 Qc5 34. Be4 Rg7 35. Qe8+ Rg8 36. Qf7 Rg7 37. Qe8+ 1/2-1/2

[Event "2017 Edmonton International Qualifier"]
[Site "?"]
[Date "2017.04.29"]
[Round "2"]
[White "Ivanescu, Mark"]
[Black "Harder, Nancy"]
[Result "1-0"]
[WhiteElo "1683"]
[BlackElo "1329"]
[PlyCount "31"]
[EventDate "2017.??.??"]
[SourceDate "2017.09.01"]

1. d4 Nf6 2. Nf3 e6 3. Bf4 Be7 4. h3 O-O 5. e3 c6 6. Bd3 d5 7. Nbd2 c5 8. c3
Nc6 9. O-O Nh5 10. Bh2 f5 11. Ne5 f4 12. Qxh5 g6 13. Bxg6 Kg7 14. Qxh7+ Kf6 15.
Ng4+ Kg5 16. Qh6# 1-0

[Event "2017 Edmonton International Qualifier"]
[Site "?"]
[Date "2017.04.30"]
[Round "4"]
[White "Darvekar, Yash"]
[Black "Harder, Nancy"]
[Result "1-0"]
[WhiteElo "1586"]
[BlackElo "1329"]
[PlyCount "37"]
[EventDate "2017.??.??"]
[SourceDate "2017.09.01"]

1. e4 c5 2. Nf3 Nc6 3. c3 e6 4. d4 cxd4 5. cxd4 d6 6. Nc3 a6 7. Bf4 Nf6 8. Bc4
b5 9. Bb3 b4 10. Ne2 Nxe4 11. Qd3 d5 12. Ba4 Bb7 13. Rc1 Rc8 14. Ne5 Qb6 15.
Qc2 Be7 16. Nxc6 O-O 17. Nxe7+ Kh8 18. Nxc8 Rxc8 19. Qxc8+ 1-0

[Event "2017 Edmonton International Qualifier"]
[Site "?"]
[Date "2017.04.29"]
[Round "3"]
[White "Wei, Daniel"]
[Black "Harris, Adam"]
[Result "1/2-1/2"]
[WhiteElo "1721"]
[BlackElo "1890"]
[PlyCount "100"]
[EventDate "2017.??.??"]
[SourceDate "2017.09.01"]

1. e4 e5 2. Nf3 Nc6 3. d4 exd4 4. Nxd4 Bb4+ 5. c3 Bc5 6. Be3 Qf6 7. Bc4 Qg6 8.
O-O Ne5 9. Bb3 d6 10. Qe2 Nf6 11. f3 O-O 12. Nd2 Bd7 13. Bc2 Qh5 14. a4 a6 15.
b4 Bb6 16. Rfb1 Rfe8 17. a5 Ba7 18. c4 c6 19. b5 axb5 20. cxb5 cxb5 21. Nxb5
Bxb5 22. Rxb5 Bxe3+ 23. Qxe3 Nxf3+ 24. gxf3 Qxb5 25. Bd3 Qc5 26. Qxc5 dxc5 27.
Nc4 Red8 28. Be2 Nh5 29. Rb1 Nf4 30. Bf1 Rab8 31. Rb5 Nd3 32. Bxd3 Rxd3 33. a6
Rd1+ 34. Kf2 Ra1 35. axb7 Kf8 36. Ne5 Rd1 37. Nc6 Rxb7 38. Rxb7 f6 39. Rb8+ Kf7
40. Nd8+ Ke7 41. Nc6+ Kf7 42. Rb5 Rh1 43. Rxc5 Rxh2+ 44. Kg3 Rh1 45. Nd4 g6 46.
Ne2 h5 47. Kg2 Rd1 48. Rc6 g5 49. Nc3 Rd2+ 50. Kg1 Rb2 1/2-1/2

[Event "2017 Edmonton International Qualifier"]
[Site "?"]
[Date "2017.04.29"]
[Round "1"]
[White "Harder, Nancy"]
[Black "Harris, Adam"]
[Result "0-1"]
[WhiteElo "1329"]
[BlackElo "1890"]
[PlyCount "46"]
[EventDate "2017.??.??"]
[SourceDate "2017.09.01"]

1. e4 e5 2. Nf3 Nc6 3. Be2 Nf6 4. Nc3 Bc5 5. h3 O-O 6. O-O Re8 7. Nh2 a6 8. a3
b5 9. b4 Ba7 10. Bb2 Bb7 11. Ng4 Nd4 12. Nxf6+ Qxf6 13. Bg4 Qg6 14. d3 f5 15.
Bh5 Qg5 16. Bc1 f4 17. Nd5 Bxd5 18. Bxe8 Be6 19. Bxd7 Bxd7 20. g4 h5 21. Kh2
hxg4 22. c3 Nf3+ 23. Kh1 Qh4 0-1

[Event "2017 Edmonton International Qualifier"]
[Site "?"]
[Date "2017.04.30"]
[Round "5"]
[White "Dave, Bhavik"]
[Black "Harris, Adam"]
[Result "1-0"]
[WhiteElo "1857"]
[BlackElo "1890"]
[PlyCount "109"]
[EventDate "2017.??.??"]
[SourceDate "2017.09.01"]

1. d4 Nf6 2. c4 g6 3. Nc3 d5 4. Nf3 Bg7 5. Qb3 dxc4 6. Qxc4 Nbd7 7. e4 Nb6 8.
Qd3 O-O 9. Be2 Nfd7 10. h4 c5 11. d5 f5 12. h5 fxe4 13. Nxe4 c4 14. Qc2 Nf6 15.
hxg6 Bf5 16. gxh7+ Kh8 17. Nh4 Nxe4 18. g4 Bd4 19. gxf5 Bxf2+ 20. Kf1 Bxh4 21.
Qxe4 Bf6 22. Bh6 Qxd5 23. Qxd5 Nxd5 24. Bxf8 Rxf8 25. Kg2 Nf4+ 26. Kf3 Nxe2 27.
Kxe2 Bxb2 28. Raf1 Rf7 29. Rd1 Rf8 30. Rd7 Ba3 31. Rxb7 a5 32. Rc7 Kg7 33. Rxc4
Rh8 34. Rg4+ Kf7 35. Kf3 Bb2 36. Rgh4 Bf6 37. Rh6 Kf8 38. a4 Kf7 39. Ke4 Kf8
40. Kd5 Kf7 41. Kc6 Bg7 42. R6h3 Kf6 43. Rg1 Kf7 44. Rxg7+ Kxg7 45. Kb5 Rb8+
46. Kxa5 Kh8 47. Ka6 Rb4 48. a5 Rb2 49. Ka7 Rb5 50. a6 Rxf5 51. Kb6 Rf2 52. Rh5
Rf6+ 53. Kb7 Rf2 54. Ra5 Rb2+ 55. Kc6 1-0

[Event "2017 Edmonton International Qualifier"]
[Site "?"]
[Date "2017.04.30"]
[Round "5"]
[White "Kobalenko, Jerry"]
[Black "Henadzi, Arakelian"]
[Result "0-1"]
[WhiteElo "2209"]
[BlackElo "2096"]
[PlyCount "94"]
[EventDate "2017.??.??"]
[SourceDate "2017.09.01"]

1. Nf3 Nf6 2. g3 g6 3. b3 Bg7 4. Bb2 O-O 5. Bg2 d6 6. d4 c6 7. c4 Re8 8. Nc3 d5
9. Ne5 dxc4 10. Nxc4 Nbd7 11. f4 Nb6 12. Ne5 Ng4 13. Nxg4 Bxg4 14. h3 Be6 15.
Ne4 Bd5 16. O-O Nd7 17. Rc1 h6 18. g4 Qb6 19. Ng3 Bxg2 20. Kxg2 Rad8 21. e3 e5
22. fxe5 Nxe5 23. Qe2 Nd7 24. Qf3 Nf6 25. Rce1 Qc7 26. Re2 Nh7 27. Rh1 Ng5 28.
Qf2 c5 29. Rf1 cxd4 30. exd4 Rxe2 31. Nxe2 Qc6+ 32. Kh2 Qc2 33. Ba1 Re8 34. Ng1
Qxf2+ 35. Rxf2 Re1 36. Bb2 Rxg1 37. Kxg1 Nxh3+ 38. Kg2 Nxf2 39. Kxf2 h5 40.
gxh5 gxh5 41. Kg3 Kh7 42. Kf4 Kg6 43. a4 h4 44. Kg4 h3 45. Kxh3 Kf5 46. Kg3 Ke4
47. Kf2 Bxd4+ 0-1

[Event "2017 Edmonton International"]
[Site "?"]
[Date "2017.06.21"]
[Round "8"]
[White "Findlay, Ian"]
[Black "Heredia Serrano, Carla"]
[Result "1/2-1/2"]
[WhiteElo "2274"]
[BlackElo "2082"]
[PlyCount "111"]
[EventDate "2017.??.??"]
[SourceDate "2017.09.01"]

1. e4 e6 2. d4 d5 3. Nd2 c5 4. exd5 Qxd5 5. Ngf3 Nc6 6. Bc4 Qd7 7. Nb3 cxd4 8.
Nbxd4 Nxd4 9. Qxd4 Qxd4 10. Nxd4 Bd7 11. Bf4 Rc8 12. Bb3 Nf6 13. O-O Bc5 14.
Rad1 a5 15. a4 O-O 16. Rfe1 Rfd8 17. c3 Kf8 18. Kf1 h6 19. h3 Nd5 20. Be5 Nb6
21. Nb5 Bxb5+ 22. axb5 a4 23. Ba2 Be7 24. Rxd8+ Bxd8 25. Re4 Bf6 26. Bxf6 gxf6
27. Rh4 a3 28. Rb4 axb2 29. c4 Nxc4 30. Bxc4 Rxc4 31. Rxb2 Ke7 32. Ke2 Kd6 33.
Kd3 Kc5 34. g4 Rd4+ 35. Ke3 f5 36. gxf5 exf5 37. Rc2+ Rc4 38. Rd2 Rc3+ 39. Kf4
Rxh3 40. Rd7 b6 41. Rxf7 Kxb5 42. Rxf5+ Ka4 43. Kg4 Rh1 44. Rh5 Rg1+ 45. Kf5 b5
46. Rxh6 b4 47. Ra6+ Kb5 48. Ra8 b3 49. f4 Rc1 50. Rb8+ Ka4 51. Ra8+ Kb4 52.
Rb8+ Kc3 53. Rc8+ Kb2 54. Rb8 Rc4 55. Ke5 Kc3 56. f5 1/2-1/2

[Event "2017 Edmonton International"]
[Site "?"]
[Date "2017.06.25"]
[Round "9"]
[White "Shabalov, Alex"]
[Black "Heredia Serrano, Carla"]
[Result "1-0"]
[WhiteElo "2587"]
[BlackElo "2082"]
[PlyCount "55"]
[EventDate "2017.??.??"]
[SourceDate "2017.09.01"]

1. e4 c6 2. d4 d5 3. f3 e6 4. Nc3 Nf6 5. e5 Nfd7 6. f4 c5 7. Nf3 Nc6 8. Be3 Qb6
9. Na4 Qa5+ 10. c3 cxd4 11. b4 Qc7 12. Nxd4 Nxd4 13. Bxd4 Be7 14. Bd3 b6 15.
O-O g6 16. Qe2 Bb7 17. Rac1 O-O 18. Qe3 Qd8 19. a3 Bc6 20. Nb2 a5 21. Nd1 Rc8
22. Qg3 axb4 23. axb4 Kh8 24. Qh3 Bb7 25. f5 Bg5 26. Rc2 gxf5 27. Rxf5 exf5 28.
Qxf5 1-0

[Event "2017 Edmonton International Qualifier"]
[Site "?"]
[Date "2017.04.29"]
[Round "3"]
[White "Kobalenko, Jerry"]
[Black "Ivanescu, Mark"]
[Result "1-0"]
[WhiteElo "2209"]
[BlackElo "1683"]
[PlyCount "65"]
[EventDate "2017.??.??"]
[SourceDate "2017.09.01"]

1. Nf3 Nf6 2. g3 g6 3. b3 Bg7 4. Bb2 d6 5. d4 O-O 6. Bg2 Re8 7. O-O Nbd7 8.
Nbd2 c5 9. c4 Qc7 10. Qc2 Nb6 11. a4 Bg4 12. a5 Nbd7 13. h3 Bxf3 14. Bxf3 Rab8
15. Bg2 b5 16. e3 cxd4 17. exd4 bxc4 18. bxc4 d5 19. c5 e5 20. Rfc1 exd4 21.
Bxd4 Rb5 22. c6 Nb8 23. Bf1 Rxa5 24. Rxa5 Qxa5 25. c7 Rc8 26. cxb8=Q Rxb8 27.
Qc7 Qxc7 28. Rxc7 a5 29. Ra7 Ne4 30. Bxg7 Nxd2 31. Bc3 Nxf1 32. Kxf1 Rb3 33.
Ra8+ 1-0

[Event "2017 Edmonton International Qualifier"]
[Site "?"]
[Date "2017.04.29"]
[Round "1"]
[White "Frialde, Arniel"]
[Black "Ivanescu, Mark"]
[Result "1-0"]
[WhiteElo "2189"]
[BlackElo "1683"]
[PlyCount "53"]
[EventDate "2017.??.??"]
[SourceDate "2017.09.01"]

1. d4 Nf6 2. c4 g6 3. g3 d6 4. Bg2 Bg7 5. Nf3 O-O 6. Nc3 Nbd7 7. e4 e5 8. dxe5
Nxe5 9. Nxe5 dxe5 10. Bg5 c6 11. Qe2 Be6 12. Rc1 Qc7 13. O-O Rfd8 14. Nd5 cxd5
15. cxd5 Qd6 16. dxe6 Qxe6 17. f4 exf4 18. Rxf4 h6 19. Bxf6 Bxf6 20. Rcf1 Bd4+
21. Kh1 Rd7 22. Rh4 Qxa2 23. Qd2 h5 24. Bh3 Rdd8 25. Qg5 Qxb2 26. Be6 Bf6 27.
Qxg6+ 1-0

[Event "2017 Edmonton International Qualifier"]
[Site "?"]
[Date "2017.04.29"]
[Round "1"]
[White "Kobalenko, Jerry"]
[Black "Ivey, James"]
[Result "1-0"]
[WhiteElo "2209"]
[BlackElo "1726"]
[PlyCount "67"]
[EventDate "2017.??.??"]
[SourceDate "2017.09.01"]

1. Nf3 d5 2. g3 c5 3. Bg2 Nc6 4. d4 Nf6 5. O-O Bf5 6. e3 e6 7. b3 Be7 8. Bb2
Nb4 9. Na3 O-O 10. Ne5 cxd4 11. exd4 Nd7 12. g4 Be4 13. f3 Bg6 14. Nxg6 hxg6
15. c3 Nc6 16. f4 Nf6 17. Qe2 Kh7 18. Rae1 Rh8 19. Nb1 Bd6 20. h3 Kg8 21. Nd2
Qc7 22. Qf3 g5 23. fxg5 Ne8 24. c4 Bb4 25. Re2 Bxd2 26. Rxd2 dxc4 27. bxc4 Nd6
28. g6 Rf8 29. Qf4 Qe7 30. Ba3 Rd8 31. gxf7+ Kf8 32. Re2 Rh6 33. g5 Rh8 34.
Rfe1 1-0

[Event "2017 Edmonton International Qualifier"]
[Site "?"]
[Date "2017.04.30"]
[Round "5"]
[White "MacDonald, Dean"]
[Black "Ivey, James"]
[Result "0-1"]
[WhiteElo "1410"]
[BlackElo "1726"]
[PlyCount "50"]
[EventDate "2017.??.??"]
[SourceDate "2017.09.01"]

1. d4 Nf6 2. c4 g6 3. Nc3 Bg7 4. e4 d6 5. Nf3 O-O 6. Bg5 Nbd7 7. Bd3 h6 8. Bd2
e5 9. d5 Nc5 10. Bc2 a5 11. O-O Nh5 12. Qc1 Kh7 13. Be3 b6 14. Na4 Nd7 15. Re1
Ndf6 16. Nh4 Ng4 17. Nf3 f5 18. exf5 Bxf5 19. h3 Nxe3 20. fxe3 Bxh3 21. Qd1 Bg4
22. Rf1 Ng3 23. Rf2 e4 24. Kh2 exf3 25. Kxg3 Be5+ 0-1

[Event "2017 Edmonton International Qualifier"]
[Site "?"]
[Date "2017.04.29"]
[Round "3"]
[White "Offengenden, Ron"]
[Black "Kalisvaart, Peter"]
[Result "0-1"]
[WhiteElo "1608"]
[BlackElo "2089"]
[PlyCount "94"]
[EventDate "2017.??.??"]
[SourceDate "2017.09.01"]

1. e4 e5 2. Nf3 Nc6 3. Bc4 Nf6 4. Nc3 Nxe4 5. Nxe4 d5 6. Bxd5 Qxd5 7. Nc3 Qd8
8. d3 Bd6 9. Be3 O-O 10. Qd2 f5 11. Qe2 Nd4 12. Qd1 f4 13. Bxd4 exd4 14. Nxd4
Ba3 15. Nde2 Bxb2 16. Rb1 Bxc3+ 17. Nxc3 Qf6 18. Ne4 Qg6 19. g3 f3 20. Nc3 Bh3
21. Nd5 Rae8+ 22. Kd2 Qg5+ 23. Ne3 Qa5+ 24. c3 Qxa2+ 25. Qc2 Qxc2+ 26. Kxc2
Rxe3 27. fxe3 f2 28. Rhf1 Bxf1 29. Rxf1 Rf3 30. d4 g5 31. Kd2 g4 32. Ke2 a5 33.
h3 h5 34. hxg4 hxg4 35. c4 Kf7 36. e4 b6 37. Kd2 Ke6 38. Ke2 c6 39. Kd2 b5 40.
cxb5 cxb5 41. d5+ Kd6 42. Kc2 b4 43. Kb2 a4 44. Ka2 a3 45. Ka1 b3 46. Kb1 Re3
47. Ka1 Re1+ 0-1

[Event "2017 Edmonton International Qualifier"]
[Site "?"]
[Date "2017.04.30"]
[Round "5"]
[White "Ludwig, David"]
[Black "Kalisvaart, Peter"]
[Result "1-0"]
[WhiteElo "1853"]
[BlackElo "2076"]
[PlyCount "87"]
[EventDate "2017.??.??"]
[SourceDate "2017.09.01"]

1. c4 Nc6 2. Nf3 e5 3. Nc3 g6 4. g3 Bg7 5. Bg2 Nge7 6. O-O O-O 7. d3 d6 8. Ne1
f5 9. f4 exf4 10. Bxf4 Nd4 11. Qd2 c6 12. Bh6 Qb6 13. Be3 f4 14. gxf4 Nef5 15.
Bf2 Qa5 16. Nf3 Ne6 17. e3 d5 18. cxd5 cxd5 19. d4 b6 20. Nxd5 Qxd5 21. Ne5 Qd8
22. Bxa8 Ba6 23. Bg2 Bxf1 24. Rxf1 g5 25. Nc6 Qd6 26. fxg5 Nxg5 27. Qb4 Qxb4
28. Nxb4 Re8 29. Re1 Ne4 30. Bxe4 Rxe4 31. Nd5 Kf7 32. Nc3 Re8 33. Kg2 b5 34.
a3 Rb8 35. Ne4 b4 36. axb4 Rxb4 37. Re2 Bf8 38. Rc2 Rb3 39. Ng5+ Kg6 40. Ne6
Bh6 41. e4 Ne3+ 42. Bxe3 Rxe3 43. e5 Kf5 44. Nc5 1-0

[Event "2017 Edmonton International Qualifier"]
[Site "?"]
[Date "2017.04.29"]
[Round "1"]
[White "Rohatynski, Jordan"]
[Black "Kalisvaart, Peter"]
[Result "1/2-1/2"]
[WhiteElo "1656"]
[BlackElo "2089"]
[PlyCount "92"]
[EventDate "2017.??.??"]
[SourceDate "2017.09.01"]

1. Nf3 Nc6 2. c4 e5 3. Nc3 g6 4. a3 Bg7 5. g3 Nge7 6. e4 O-O 7. b4 d6 8. Bb2
Bg4 9. h3 Bxf3 10. Qxf3 Nd4 11. Qd1 f5 12. Bg2 f4 13. Nd5 Nxd5 14. Bxd4 exd4
15. cxd5 f3 16. Bf1 c6 17. Bc4 b5 18. Bb3 c5 19. d3 cxb4 20. axb4 a5 21. bxa5
Rxa5 22. O-O Rxa1 23. Qxa1 Qd7 24. Kh2 h5 25. Qc1 Qe7 26. h4 Kh7 27. Qc6 Be5
28. Kh3 g5 29. hxg5 Qxg5 30. Qd7+ Kh8 31. Ra1 Rg8 32. Ra7 Rg7 33. Ra8+ Kh7 34.
Qf5+ Qxf5+ 35. exf5 Rf7 36. g4 hxg4+ 37. Kxg4 Kg7 38. Rb8 Kf6 39. Rg8 Rg7+ 40.
Rxg7 Kxg7 41. Kxf3 b4 42. Kg4 Bf6 43. Kh5 Be5 44. f3 Bf4 45. Kg4 Bc1 46. f4 Kf6
1/2-1/2

[Event "2017 Edmonton International Qualifier"]
[Site "?"]
[Date "2017.04.29"]
[Round "2"]
[White "Ali, Husain"]
[Black "Kobalenko, Jerry"]
[Result "1-0"]
[WhiteElo "1833"]
[BlackElo "2209"]
[PlyCount "85"]
[EventDate "2017.??.??"]
[SourceDate "2017.09.01"]

1. e4 c5 2. Nf3 e6 3. d4 cxd4 4. Nxd4 Nc6 5. Be2 Qc7 6. O-O Nf6 7. Nb5 Qb8 8.
Bd3 a6 9. N5c3 b5 10. Bg5 Bb7 11. Nd2 Bd6 12. f4 h6 13. Bxf6 gxf6 14. Qg4 Qa7+
15. Kh1 O-O-O 16. Rae1 Rdg8 17. Qh4 h5 18. h3 Rh6 19. Rf3 Rhg6 20. Bf1 Nd4 21.
Rd3 Bc7 22. Ree3 Nxc2 23. Rg3 Nb4 24. Rdf3 f5 25. Rxg6 fxg6 26. a3 Bd8 27. Qe1
Nc6 28. Rd3 Bc7 29. Qh4 Bd8 30. Qe1 b4 31. Na4 Bc7 32. e5 Ne7 33. axb4 Nd5 34.
Nc4 Nxf4 35. Nd6+ Kb8 36. Rd1 Nxh3 37. Nc5 Bxd6 38. Rxd6 Rg7 39. Qh4 Nf2+ 40.
Qxf2 Ka8 41. Qd4 Bc8 42. Bxa6 Kb8 43. Bxc8 1-0

[Event "2017 Edmonton International Qualifier"]
[Site "?"]
[Date "2017.04.30"]
[Round "4"]
[White "Chandra, Anand Rishi"]
[Black "Koperski, Dustin"]
[Result "1/2-1/2"]
[WhiteElo "1657"]
[BlackElo "1720"]
[PlyCount "50"]
[EventDate "2017.??.??"]
[SourceDate "2017.09.01"]

1. e4 c5 2. Nf3 g6 3. d4 cxd4 4. Nxd4 Nc6 5. Nc3 Bg7 6. Be3 Nf6 7. Be2 O-O 8.
O-O d5 9. exd5 Nxd5 10. Nxd5 Qxd5 11. Bf3 Qd7 12. Nxc6 bxc6 13. Qxd7 Bxd7 14.
Rad1 Rfd8 15. Rxd7 Rxd7 16. Bxc6 Rad8 17. Bxd7 Rxd7 18. b3 Bc3 19. g3 e6 20.
Kg2 a6 21. Kf3 Kg7 22. Ke2 Kf6 23. Rd1 Rxd1 24. Kxd1 Kf5 25. h3 h5 1/2-1/2

[Event "2017 Edmonton International Qualifier"]
[Site "?"]
[Date "2017.04.29"]
[Round "2"]
[White "Windram, James"]
[Black "Koperski, Dustin"]
[Result "1-0"]
[WhiteElo "1359"]
[BlackElo "1760"]
[PlyCount "39"]
[EventDate "2017.??.??"]
[SourceDate "2017.09.01"]

1. e4 c5 2. Nf3 g6 3. d4 cxd4 4. Nxd4 Nc6 5. Nc3 Bg7 6. Be3 Nf6 7. Bc4 Qa5 8.
f3 Qb4 9. Ndb5 O-O 10. Bb3 a6 11. Na3 Nxe4 12. fxe4 Bxc3+ 13. bxc3 Qxa3 14. Bh6
Rd8 15. Bxf7+ Kxf7 16. O-O+ Kg8 17. Qf3 Qc5+ 18. Kh1 Qc4 19. Qf8+ Rxf8 20.
Rxf8# 1-0

[Event "2017 Edmonton International Qualifier"]
[Site "?"]
[Date "2017.04.29"]
[Round "2"]
[White "Mah, Sean"]
[Black "Ludwig, David"]
[Result "0-1"]
[WhiteElo "1567"]
[BlackElo "1853"]
[PlyCount "58"]
[EventDate "2017.??.??"]
[SourceDate "2017.09.01"]

1. e4 Nf6 2. e5 Nd5 3. d4 d6 4. c4 Nb6 5. Nf3 Bg4 6. Be2 dxe5 7. Nxe5 Bxe2 8.
Kxe2 e6 9. b3 N8d7 10. Bb2 Nxe5 11. dxe5 Qg5 12. Rg1 Rd8 13. Qc2 Qh5+ 14. f3
Qxh2 15. Nd2 Bc5 16. Rgf1 Qxg2+ 17. Ke1 O-O 18. Qc1 Be3 19. Bc3 Bf4 20. Rf2 Bg3
21. Ne4 Bxf2+ 22. Nxf2 Qxf3 23. Qc2 Rd7 24. Bd2 Rfd8 25. Bg5 f6 26. exf6 gxf6
27. Bh6 Kh8 28. Rd1 Rxd1+ 29. Nxd1 Qh1+ 0-1

[Event "2017 Edmonton International Qualifier"]
[Site "?"]
[Date "2017.04.29"]
[Round "2"]
[White "Dinelle, Robert"]
[Black "Ludwig, Michael"]
[Result "0-1"]
[WhiteElo "1604"]
[BlackElo "1933"]
[PlyCount "62"]
[EventDate "2017.??.??"]
[SourceDate "2017.09.01"]

1. e4 e5 2. Nf3 Nf6 3. Nxe5 d6 4. Nf3 Nxe4 5. Be2 Be7 6. O-O O-O 7. Re1 d5 8.
d4 Nc6 9. h3 f5 10. Nbd2 Kh8 11. Nf1 f4 12. Bd3 Bf5 13. c3 g5 14. Qc2 Qd7 15.
N3h2 Bd6 16. Nd2 Nxd2 17. Bxd2 Bxh3 18. gxh3 Qxh3 19. Bf1 Qh5 20. f3 Ne7 21.
Re6 Nf5 22. Rae1 Qh4 23. Bc1 g4 24. Nxg4 h5 25. Nh6 Rg8+ 26. Bg2 Ne3 27. Nxg8
Qxe1+ 28. Kh2 Qh4+ 29. Kg1 Qe1+ 30. Kh2 Qg3+ 31. Kh1 Nxc2 0-1